000
00330nam a2200133Ia 4500
005
20251222141907.0
008
251222s9999||||xx |||||||||||||| ||spa||
020
_a
956-7015-20-1
082
_a
658.409/P29
100
_a
Paél F., Luis Hernón
245
0
_a
Competitividad:
264
_b
Centro de Estudios Públicos
942
_c
LIB
999
_c
8269
_d
8269